Statistics for Падежи русского языка

Click here to take the quiz!

General Stats

  • This quiz has been taken 7 334 times
  • The average score is 6 of 6

Answer Stats

Падеж% Correct
Именительный
98%
Родительный
98%
Дательный
96%
Винительный
93%
Творительный
90%
Предложный
84%

Score Distribution

Percentile by Number Answered

Percent of People with Each Score

Your Score History

You have not taken this quiz